000 01371nam0a22002651 4500
001 rc\3284111
005 20250609173419.0
035 _a(NLR Aleph) 007399723
090 _a6699233
_c6699233
100 _a20130115d1971 |||y0rusy50 ca
101 0 _arus
102 _aRU
105 _ay z |||||
200 1 _aОтчет о командировке в Австралию [для участия в работе на Седьмой Международной конференции по ростовым веществам 7-12 декабря 1970 г. г. Канберра]
_fАН СССР. Всесоюз. ин-т науч. и техн. информации
210 _aМосква
_cБ. и.
_d1971
215 _a28 с.
_d22
333 _aДля служебного пользования. Экз. № 000004
532 1 3 _aОтчет о командировке в Австралию для участия в работе на Седьмой Международной конференции по ростовым веществам 7-12 декабря 1970 г. г. Канберра
700 1 _4070
_7ca
_8rus
_aЧайлахян
_bМ. Х.
_f1902-1991
_gМихаил Христофорович
_92642538
_3RU\NLR\AUTH\770273380
801 0 _aRU
_bNLR
_gpsbo
801 1 _aRU
_bELAR
_2rusmarc
852 _aNLR
_j71-50К/3966
942 _cBOOK
980 _aNB